000 00808nam a2200217Ia 4500
001 21056
003 GE_BSU
008 181216s||||||||xx |||||||||||||| ||und||
040 _cGE_BSU
245 _aРеферативный журнал. Экономика промышленности. №5 2017
245 _bЭкономика агропромышленного комплекса
245 _cГл.ред.Минакир П.А.
260 _aМосква
260 _c2017
300 _a160стр. 30 см.
653 _aПериодика
653 _aРеферативный журнал. Экономика промышленности. №5 2017
653 _aЭкономика агропромышленного комплекса
653 _aპერიოდიკა
942 _cCR
999 _c54005
_d54005